Χρήση τεχνολογιών Web 2.0 στην ηλεκτρονική διακυβέρνηση : πτυχιακή εργασία

Τεχνολογίες και πρακτικές εφαρμογές του web 2.0 στην ηλεκτρονική διακυβέρνηση, παραδείγματα από ΕΕ και υπόλοιπο κόσμο, προτάσεις για Ελλάδα

Αποθηκεύτηκε σε:
Λεπτομέρειες βιβλιογραφικής εγγραφής
Κύριος συγγραφέας: Χαραλαμπόπουλος, Παναγιώτης Κ.
Συγγραφή απο Οργανισμό/Αρχή: Πανεπιστήμιο Αιγαίου. Σχολή Θετικών Επιστημών. Τμήμα Μηχανικών Πληροφοριακών και Επικοινωνιακών Συστημάτων
Μορφή: Thesis Βιβλίο
Γλώσσα:Greek
Δημοσίευση: 2013.
Θέματα:
Διαθέσιμο Online:http://hdl.handle.net/11610/8708
Ετικέτες: Προσθήκη ετικέτας
Δεν υπάρχουν, Καταχωρήστε ετικέτα πρώτοι!

MARC

LEADER 00000cam a2200000 i 4500
001 1/39074
008 131210s2013 gr ||| gre||
035 |l 10116135 
040 |a GR-MY-UA  |b gre  |e aacr 
041 0 |a gre 
082 0 |a 352.3802854678   |2 (22) 
100 1 |a Χαραλαμπόπουλος, Παναγιώτης Κ. 
245 1 0 |a Χρήση τεχνολογιών Web 2.0 στην ηλεκτρονική διακυβέρνηση :   |b πτυχιακή εργασία /   |c Παναγιώτης Κ. Χαραλαμπόπουλος ; επιβλέπων καθηγητής Παναγιώτης Ριζομυλιώτης.  
260 |c 2013.  
300 |a 96 σ. :   |b εικ. ;   |c 30 εκ.  
502 # # |a Πτυχιακή εργασία – Πανεπιστήμιο Αιγαίου, Σάμος, 2013. 
504 |a Βιβλιογραφία: σ. 94-96.  
506 0 |a Διάθεση πλήρους κειμένου - Ελεύθερη πρόσβαση.  
520 |a Τεχνολογίες και πρακτικές εφαρμογές του web 2.0 στην ηλεκτρονική διακυβέρνηση, παραδείγματα από ΕΕ και υπόλοιπο κόσμο, προτάσεις για Ελλάδα 
610 2 0 |a University of the Aegean  |x Dissertations. 
650 0 0 |a Internet in public administration. 
650 0 0 |a Web 2.0. 
650 0 0 |a Dissertations, Academic  |z Greece. 
700 1 |a Ριζομυλιώτης, Παναγιώτης,  |e dgs 
710 2 |a Πανεπιστήμιο Αιγαίου.   |b Σχολή Θετικών Επιστημών.   |b Τμήμα Μηχανικών Πληροφοριακών και Επικοινωνιακών Συστημάτων. 
852 |a INST  |b SAMOS  |c DIATR  |e 20131210  |h 352.3802854678 ΧΑΡ  |p 005300036144  |q 005300036144  |t DIE  |y 23 
852 |a INST  |b SAMOS  |c DIATR  |e 20131210  |h 352.3802854678 ΧΑΡ  |p 005300036145  |q 005300036145  |t DIE  |y 23 
856 |u http://hdl.handle.net/11610/8708  
901 |a BIBL3-2013-3 
909 |a Σ  |b 184323 
909 |a Σ  |b 184324 
924 |a ΧΑΡΑΛΑΜΠΟΠΟΥΛΟΣ  |b ΠΑΝΑΓΙΩΤΗΣ  |y ΣΑΜΟΣ  |z 2013-06 
970 |a ΚΟΣΙΕΡΗΣ  |b ΧΡΗΣΤΟΣ  |z 2013/12/10